Most Recent Pope (A-Z) Quiz Stats

Quiz Updated Jan 19, 2018

Also try: Pope or Nope?
Challenge
Share
Tweet
Embed
Score 0/20 Timer 05:00
0 Plays Today
Letter Pope % Correct
JJohn Paul II
93.7%
FFrancis
90.4%
BBenedict XVI
90.3%
PPaul VI
89.2%
LLeo XIII
64.7%
UUrban VIII
64.6%
GGregory XVI
54.2%
IInnocent XIII
50.3%
VVictor III
34.9%
ZZachary
31.6%
Letter Pope % Correct
AAlexander VIII
30.7%
CClement XIV
28.7%
SSixtus V
28.5%
NNicholas V
26%
TTheodore II
17.9%
HHonorius IV
14.2%
EEugene IV
12.4%
MMarcellus II
11%
RRomanus
8.4%
DDamasus II
8.3%

You're not logged in!

Compare scores with friends on all Sporcle quizzes.
Sign Up with Email
OR
Log In

You Might Also Like...

Show Comments

Extras

Top Quizzes Today


Score Distribution

Your Account Isn't Verified!

In order to create a playlist on Sporcle, you need to verify the email address you used during registration. Go to your Sporcle Settings to finish the process.

Report this User

Report this user for behavior that violates our Community Guidelines.

Details: